000 00583nam a2200205 a 4500
001 50290
003 BD-RjUL
005 20211209075503.0
008 160824s19551940enk||||| |||| 00| 0 eng d
035 _a(BD-RjUL) 50410
040 _aBD-RjUL
_beng
_cBD-RjUL
041 _aeng
082 _223
_a425
_bGLG 1955
100 1 _aGlassey, Stanley C
_9150718
245 1 4 _aThe groundwork of English composition /
_cStanley C Glassey
260 _aOxford:
_bClarendon Press,
_c1940 [Reprinted 1955]
300 _a317 p. ;
_c19 cm.
650 _aEnglish Grammar
_9150719
942 _2ddc
_cBK
999 _c50290
_d50290